| 000 | 00875nam a2200205Ia 4500 | ||
|---|---|---|---|
| 001 | 12831 | ||
| 003 | GE_BSU | ||
| 008 | 181216s||||||||xx |||||||||||||| ||und|| | ||
| 040 | _cGE_BSU | ||
| 080 | _a631.6 | ||
| 100 | _aАнтипов-Каратаев,И.Н. Сабо,Е.Ю. | ||
| 245 | _aЛиманное насаждение древесных насаждении и мелиорация солонцовых земель в подзоне светлокаштановых почв. | ||
| 260 | _aМосква | ||
| 260 | _bИзд-во АНСССР | ||
| 260 | _c1953 | ||
| 300 | _a127стр.20см. | ||
| 300 | _cБиблиогр.с.126-127 | ||
| 653 | _aЛиманное насаждение древесных насаждении и мелиорация солонцовых земель в подзоне светлокаштановых почв. | ||
| 942 | _cBK | ||
| 999 |
_c46002 _d46002 |
||